00896nam a2200241Ia 4500003000900000008004100009020001800050040001600068080002200084111008500106245018300191260004300374300001600417650001400433650004100447650001700488650002700505650003700532700002200569700002600591700002900617710000800646IN-BaIIA211028s9999 xx 000 0 eng d a951-45-3569-3 cIIA Library a520.1(082.2)bNOR aNordic Astronomy Meetingn111thcUniversity of Helsinki, Helsinkid1984 Sep. 3-5 0aNordic Astronomybproceedings of the nordic Astronomy meeting, held in University of Helsinki, Helsinki, 3-5 Sep 1984cedited by K J Donner, Pasinetti, L. E and Davis A. G Philip aHelsinkibUniversity of Helsinkic1984 aviii, 243p. aAstronomy aAstronomy and Astrophysics thesaurus aAstrophysics aGalaxies -- Congresses aStars -- Evolution -- Congresses aDonner, K J., ed. aPasinetti, L. E., ed. aPhilip, Davis A. G., ed. aIAU